Algoritmos para el control de transito por computadora

Kaydedildi:
Detaylı Bibliyografya
Yazar: Rojas Chavarría, José Freddy
Diğer Yazarlar: Saborío Leggers, Carlos Alberto
Materyal Türü: Kitap
Baskı/Yayın Bilgisi: [San José , Costa Rica] 1986
Etiketler: Etiketle
Etiket eklenmemiş, İlk siz ekleyin!

MARC

LEADER 00000nam a2200000Ia 4500
003 003093
005 20221231144357.0
008 140114s1986 cr a m 000 ||s d
040 |c cru CEDI 
090 |a TFG 1784 
100 |a Rojas Chavarría, José Freddy  |9 8729 
245 |a Algoritmos para el control de transito por computadora 
260 |c 1986  |a [San José , Costa Rica] 
300 |a V, 99[A1,A11] : ilustraciones a color  
500 |a Proyecto de graduación (bachiller en ingeniería eléctrica)--Universidad de Costa Rica. Facultad de Ingeniería. Escuela de Ingeniería Eléctrica. 
700 |9 14281  |a Saborío Leggers, Carlos Alberto  
942 |c TFG 
999 |c 20975  |d 20975